000 00831nam a2200301Ia 4500
001 A9376
003 IT-RoPAU
008 130308s9999 xx 000 0 und d
040 _aIT-RoPAU
040 _cIT-RoPAU
041 _aITALIANO
100 _aArosio Mario
100 _gCodice Aut. SPICS: 9786
245 _aGiorno del sole (Il)-Sceneggiatura
245 _bGiorno del sole (Il)-Sceneggiatura
250 _a1a ed.
260 _bs.e. (senza Editrice o non identificata)
260 _c1986 [1° Ed.:1986 - Ed.Ling.Originale:1986]
300 _a"15 p. (prefazione: no ; testo: 15 [pagine: 0-0])"
650 _aAUTORI/OPERE DEL CINEMA
650 _eCodice materia Spics: 6807
700 _aBalduini Ivano
700 _gCodice Aut. SPICS: 36715
942 _cBK
957 _71
999 _c71516
_d71516
999 _bSI
999 _g1